000 00799nam a2200265 a 4500
001 14080
003 CO-ViMGA
008 141112s2004 ck r 000 u spa d
020 _a9701008243
040 _aCO-ViMGA
_bspa
_cCO-ViMGA
082 0 4 _a696 L153c
100 1 _aLane, Russell W.
_920580
245 1 0 _aControl de incrustaciones y corrosion en instalaciones hidraulicas de edificios
260 _aMexico :
_bMcgraw - Hill,
_c1995
300 _a277
590 _aForma de adquisición : COMPRA
650 1 4 _aAGUA POTABLE
_98236
650 1 4 _aANALISIS DE AGUA
_920581
650 1 4 _aCORROSION
_920582
650 1 4 _aINSTALACIONES DOMICILIARIAS
_920583
650 1 4 _aINSTALACIONES HIDRAULICAS
_920584
650 1 4 _aTRATAMIENTO DE AGUA
_920585
650 1 4 _aTUBERIAS
_920586
942 _2ddc
_cBK
999 _c24780
_d24780